| 000 | 00900nam a2200241 i 4500 | ||
|---|---|---|---|
| 001 | 89004 | ||
| 003 | ES-MaACL | ||
| 005 | 20230906180028.0 | ||
| 007 | t| | ||
| 008 | 050124s2004 sp ||||1| spa d | ||
| 020 | _a84-95394-62-6 | ||
| 080 | _a272(460.288)"1936/39" | ||
| 100 | 1 |
_aCarrión Iñiguez, José Deogracias. _935813 |
|
| 245 | 1 | 3 |
_aLa persecución religiosa en la provincia de Albacete durante la guerra civil (1936-1939) / _cJosé Deogracias Carrión Iñiguez. |
| 260 |
_aAlbacete : _bInstituto de Estudios Albacetenses "Don Juan Manuel", _c2004. |
||
| 300 |
_a550 p. : _bil. ; _c24 cm. |
||
| 490 | 1 |
_aSerie I--Estudios ; _v152 |
|
| 650 | 4 |
_aPersecuciones religiosas- _zAlbacete (Provincia)- _y1936-39. _915965 |
|
| 710 | 2 |
_aInstituto de Estudios Albacetenses. _94884 |
|
| 830 | 0 |
_aSerie I--Estudios ; _v152 _9179228 |
|
| 852 |
_aES-MaACL _jL-28630 _bR.134898 |
||
| 999 |
_c89004 _d89004 |
||